| 000 | 00499nam a2200169Ia 4500 | ||
|---|---|---|---|
| 003 | GCL | ||
| 008 | 140319s9999 xx 000 0 ara d | ||
| 040 |
_aGCL / _cGCL |
||
| 082 | 0 | 4 |
_a200 _bع ا |
| 245 | 1 | 0 | _aالاسلام فى مواجهة الاستشراق العالمى |
| 260 |
_a[S.N] : _bدار الوفاء للطباعة والنشر والتوزيع ، _c1987 |
||
| 300 | _a622 ص | ||
| 490 | _a | ||
| 650 | 0 | 4 | _aالاستشراق |
| 650 | 0 | 4 | _aالمستشرقون |
| 942 |
_2ddc _cBK |
||
| 999 |
_c53845 _d53845 |
||